000 00699nam a2200229Ia 4500
003 OSt
005 20220918192559.0
006 a|||||r|||| 00| 0
007 ta
008 220917b |||||||| |||| 00| 0 eng d
024 _a69,153
037 _cTextual
040 _aARTS
_cARTS
_beng
041 _2eng
_aeng
082 _aR3,(Q7), N3
100 _aChoudhury Masudul Alam
_915562
245 0 _aUnicity precept and the socio scientific order
_b lectures delivered at the Oxford centre for Islamic studies
260 _aNew York
_bUniv Press of America
_c1993
300 _axvii,174p.
_ccm.
942 _hR3,(Q7), N3
_cTEXL
_2CC
999 _c195316
_d195316